| 000 | 00745nam a2200241 a 4500 | ||
|---|---|---|---|
| 001 | 8204 | ||
| 003 | BD-RjUL | ||
| 005 | 20211208234537.0 | ||
| 008 | 140118s1971 nyua b 001 0 eng d | ||
| 020 | _a0070711542 | ||
| 035 | _a(BD-RjUL)8249 | ||
| 040 |
_aLC _beng _cLC _dNNCU:A _dBD-RjUL |
||
| 041 | _aeng | ||
| 082 | 0 | 4 |
_a519.6 _bOPT 1971 _223 |
| 245 | 1 | 0 |
_aOptimization methods for large-scale systems ... with applications / _cDavid A. Wismer, editor. |
| 260 |
_aNew York : _bMcGraw-Hill, _cc1971. |
||
| 300 |
_axii, 335 p. : _bill. ; _c24 cm. |
||
| 504 | _aIncludes bibliographies and index. | ||
| 650 | 0 |
_aMathematical optimization. _925547 |
|
| 700 | 1 |
_aWismer, David A., _d1938-, _eed. _925549 |
|
| 942 |
_2ddc _cBK |
||
| 999 |
_c8204 _d8204 |
||